| 000 | 01500cam a2200169 4500500 | ||
|---|---|---|---|
| 005 | 20260111105813.0 | ||
| 041 | _afre | ||
| 042 | _adc | ||
| 100 | 1 | 0 |
_aRamel, Frédéric _eauthor |
| 245 | 0 | 0 | _aOrigine et finalité de la Cité idéale : la guerre dans la philosophie grecque |
| 260 | _c2002. | ||
| 500 | _a57 | ||
| 520 | _aRésumé Dans la Grèce antique, la guerre semble être l’état normal des Cités. Toutefois, la philosophie écarte ce phénomène lorsqu’elle examine l’origine ou la finalité des unités politiques. Platon et Aristote prônent un idéal d’autarcie et du juste milieu qui fait de l’inimitié un mécanisme risquant de briser l’essence même de la Cité. Un tel positionnement s’explique par la peur de la démesure, la recherche de la vertu et du bien en soi et, enfin, par la nécessité de la sagesse, source de perfection en toute chose. | ||
| 520 | _aIn ancient Greece, war seems to be the normal state of Cities. However, philosophy does not take care of such phenomena when it studies origin or aim of political unities. Plato and Aristotle sticks to an ideal of autarcy and fair middle, rejecting enmity as a mechanism which could destroy the essence of City. This thinking results from fear of hubris, research of virtue and hence, the need of wisdom. | ||
| 786 | 0 | _nRaisons politiques | 5 | 1 | 2002-02-01 | p. 109-125 | 1291-1941 | |
| 856 | 4 | 1 | _uhttps://shs.cairn.info/revue-raisons-politiques-2002-1-page-109?lang=fr&redirect-ssocas=7080 |
| 999 |
_c1631486 _d1631486 |
||